| 000 | 01143nam1a2200313 i 4500 | ||
|---|---|---|---|
| 001 | RU\NLR\bibl\1909537 | ||
| 005 | 20260406075534.0 | ||
| 035 | _a(NLR Aleph) 001899090 | ||
| 090 |
_a3023984 _c3023984 |
||
| 100 | _a20120531g20119999u y0rusy50 ca | ||
| 101 | 1 |
_arus _ceng |
|
| 102 | _aRU | ||
| 105 | _aa ||||||||| | ||
| 200 | 1 |
_aИсповедь _fАлистер Кроули _g[пер. с англ. Анны Блейз] |
|
| 210 |
_aМосква _cГанга _cТелема _d2011 |
||
| 215 | _d21 | ||
| 225 | 1 | _aСерия "Магические гримуары" | |
| 300 | _aНа обороте тит. л. авт.: мистик и эзотерик Алистер Кроули | ||
| 463 | 0 | _10011849927 | |
| 600 | 1 |
_aКроули _bА. _f1875 - 1947 _gАлистер _92343814 _3RU\NLR\auth\661400780 |
|
| 606 | 1 |
_aМагия _91615580 _3RU\NLR\auth\66712354 |
|
| 686 | _aЭ240.03 | ||
| 700 | 1 |
_4070 _8rus _7ca _aКроули _bА. _f1875-1947 _gАлистер _3RU\NLR\auth\7738825 _921809 |
|
| 801 | 0 |
_aRU _bNLR _c20120531 _gRCR |
|
| 801 | 1 |
_aRU _bNLR _c20120531 |
|
| 852 |
_aNLR _j2011-3/40527 |
||
| 942 | _cBOOK | ||
| 980 | _aNBR | ||